Представление документа в формате MARC21

Поле Инд. ПП Название Значение
Тип записи a
Библиографический уровень b
001 Контрольный номер fb7bd2f3bb714b0ea3da3d3df7393730
005 Дата корректировки 20210818160904.1
040 a Служба первич. каталог. РИНЦ
041 0_ a Код языка текста rus
084 a Индекс другой классификации/Индекс ББК 20.115
097 a Ануфриева Г.Ю.
097 a Назина Л.Н.
100 1_ a Автор Савватеева О. А.
g Прочие сведения РИНЦ AuthorID: 426017 (http://elibrary.ru/author_profile.asp?id= 426017); SPIN-код: 1052-7020 (http://elibrary.ru/author_items.asp?authorid=426017)
g Прочие сведения SPIN-код: 1052-7020
j Принадлежность неизвестного автора к последователям, ученикам, сторонникам, школе и т. д. государственный университет "Дубна"
q Полное имя Савватеева Ольга Александровна
c Титул (звания) доцент; кандидат биологических наук
i 000090749
k Кафедра экологии и наук о Земле; Факультет естественных и инженерных наук
u Дополнение Савватеева О. А.
245 10 a Заглавие Оценка экологического риска для устойчивого функционирования городской территории
550 a Прим. об изд. организации Факультет естественных и инженерных наук
a Прим. об изд. организации Кафедра экологии и наук о Земле
650 04 a Основная рубрика экология; человек и окружающая среда
773 18 t Название источника Международный журнал. Устойчивое развитие: наука и практика
b Сведения об издании Университет "Дубна"
c Дубна
d Место и дата издания 2016
m Специф. данные ненулевой импакт-фактор
n Примечание http://elibrary.ru/contents.asp?issueid=1589067
g Прочая информация С. 35 - 42
w Контрольный № источника 8ad405b0ae724be48840ac958d57b728
856 40 u URL http://elibrary.ru/item.asp?id=26289864
901 t Тип документа b
952 c Вид литературы статья в журнале